000 00558nam a2200229Ia 4500
003 OSt
005 20220924151735.0
006 a|||||r|||| 00| 0
007 ta
008 220923b |||||||| |||| 00| 0 tel d
024 _a338888
037 _cTextual
040 _aARTS
_cARTS
_btel
041 _2tel
_atel
082 _aV1'N, 35M3
100 _aSubbaiah
_9224855
245 0 _aMoodu khandalaku pattina grahanam
260 _c1983
650 _aHISTORY
942 _hV1'N, 35M3
_cTEXL
_2CC
999 _c467558
_d467558